000 01366nam a2200349 i 4500
003 DO-SdBNP
005 20250911072836.0
007 ta
008 201110b 2000 dr a 00| 0 eng d
020 _z843120236X
040 _aDO-SdBNP
_bspa
_cBNPHU
_erda
082 4 _a972.93053
_bB171m 2000
_222
100 1 _a Balaguer, Joaquín,
_d1906-2002
_eautor
_4aut.
_976556
245 1 0 _aMemorias de un cortesano en la "Era de Trujillo" /
_cJoaquín Balaguer.
250 _aDecimoquinta edición
264 4 _aSanto Domingo :
_bEditora Corripio,
_c2000.
300 _a422 páginas :
_bilustraciones ;
_c23 cm.
336 _atexto
_btxt
_2rdacontent
337 _asin mediación
_bn
_2rdamedia
338 _avolumen
_bnc
_2rdacarrier
500 _aIncluye referencias bibliográficas y notas al pie de las páginas
500 _aIncluye índice
590 _aInventariado, 2020 /LP
600 1 4 _a Balaguer, Joaquín,
_d1906-2002
_976556
600 1 4 _aTrujillo Molina, Rafael Leónidas,
_d 1891-1961
_976764
650 4 _aPresidentes
_zRepública Dominicana
_vBiografías
_91288
651 4 _aRepública Dominicana
_xPolítica y gobierno
_y1930-1961
_9479
651 4 _aRepública Dominicana
_xPolítica y gobierno
_y1961-
_9204
651 4 _aRepública Dominicana
_vHistoria
_91083
_yEra de Trujillo, 1930-1961
910 _aValidado. Control de calidad MFF
942 _2ddc
_cLBS1
999 _c49117
_d49117